00841cam a2200229 a 450000100060000000300080000600500170001400800410003103500140007203500110008604000180009704100080011508200280012310000300015124501530018126000170033430000430035165000580039494200120045299900170046495201300048176950BD-RjUL20211209082916.0870401q19501959xx 000 0 eng d a(BD-RjUL) a986732 aANLbengcANL aeng04a796.35865223bBUC 19581 aButt, Qamaruddin.923907710aCricket wonders :bcontaining complete account of Pakistan team's tour of the West Indies in 1958... /c by Qamaruddin Butt ; forword by A.H. Kardar a[s.l.,c1958 a[x] 132 p. :bplates, ports. ;c19 cm. 0aCricketxTours, PakistanizWest Indies, 1958.9239078 2ddccBK c76950d76950 00102ddc40708NFICaRUCLbRUCLcStackd1960-08-18eAuthorl0o796.35865 BUC 1958r2020-02-09 00:00:00tC-2w2020-02-09yBK